Stamp Duty Land Tax (Exemption of Certain Acquisitions of Residential Property) Regulations 2008 (Record no. 108710)

MARC details
000 -LEADER
fixed length control field 01171cad a22002535a 4500
001 - CONTROL NUMBER
control field L145182
008 - FIXED-LENGTH DATA ELEMENTS--GENERAL INFORMATION
fixed length control field 080915e20080902xxk f lf000 0 eng d
035 ## - SYSTEM CONTROL NUMBER
System control number (Sirsi) u145182
041 0# - LANGUAGE CODE
Language code of text/sound track or separate title eng
050 04 - LIBRARY OF CONGRESS CALL NUMBER
Classification number 306.1 $2 18
110 2# - MAIN ENTRY--CORPORATE NAME
Corporate name or jurisdiction name as entry element United Kingdom
Form subheading Laws, etc.
9 (RLIN) 5044
245 00 - TITLE STATEMENT
Title Stamp Duty Land Tax (Exemption of Certain Acquisitions of Residential Property) Regulations 2008
Medium [electronic resource]
260 ## - PUBLICATION, DISTRIBUTION, ETC.
Place of publication, distribution, etc. London
Name of publisher, distributor, etc. OPSI
Date of publication, distribution, etc. 2008
490 #0 - SERIES STATEMENT
Series statement SI
Volume/sequential designation 2008: 2339
520 ## - SUMMARY, ETC.
Summary, etc. Sets out the exemptions for Stamp Duty on residential properties valued at not more than £175 000, for the period 3 September 2008 to 2 September 2009. Came into force 2 September 2008.
520 ## - SUMMARY, ETC.
Summary, etc. See also The Stamp Duty land Tax (Variation of Part 4 of the Finance Act 2003) Regulations 2008 (L145183).
521 ## - TARGET AUDIENCE NOTE
Target audience note Advanced
590 ## - LOCAL NOTE (RLIN)
Local note KA NTK
650 24 - SUBJECT ADDED ENTRY--TOPICAL TERM
Topical term or geographic name entry element STAMP DUTY LAND TAX (EXEMPTION OF CERTAIN ACQUISITIONS OF RESIDENTIAL PROPERTY) REGULATIONS 2008
651 #4 - SUBJECT ADDED ENTRY--GEOGRAPHIC NAME
Geographic name England and Wales
Chronological subdivision 1543-
690 ## - LOCAL SUBJECT ADDED ENTRY--TOPICAL TERM (OCLC, RLIN)
Topical term or geographic name as entry element PROPERTY-PROPERTY TAXATION
856 40 - ELECTRONIC LOCATION AND ACCESS
Uniform Resource Identifier <a href="https://www.opsi.gov.uk/si/si2008/uksi_20082339_en_1">https://www.opsi.gov.uk/si/si2008/uksi_20082339_en_1</a>
Public note View the item free of charge at www.opsi.gov.uk...
942 ## - ADDED ENTRY ELEMENTS (KOHA)
Suppress in OPAC 0
Holdings
Withdrawn status Lost status Source of classification or shelving scheme Damaged status Not for loan Home library Current library Shelving location Date acquired Total Checkouts Full call number Barcode Date last seen Copy number Price effective from Koha item type
    Dewey Decimal Classification     Virtual Virtual Online 15/09/2008   ONLINE PUBLICATION 145182-1001 06/08/2019 1 06/08/2019 Book